Think like a Golfer Win like a Golfer/ (Record no. 206095)

MARC details
000 -LEADER
fixed length control field 00620nam a22002057a 4500
005 - DATE AND TIME OF LATEST TRANSACTION
control field 20241004111936.0
010 ## - LCCN (DPL NO)
LC control number ENG-141913
020 ## - INTERNATIONAL STANDARD BOOK NUMBER
International Standard Book Number 9789355438089
Terms of availability 399.00
035 ## - SYSTEM CONTROL NUMBER
System control number EN-125445
037 ## - SOURCE OF ACQUISITION
Source of stock number/acquisition DBAD
082 ## - DEWEY DECIMAL CLASSIFICATION NUMBER
Classification number 158.1
Edition number 2
100 ## - MAIN ENTRY--PERSONAL NAME
Personal name Mehra, Deepak
245 ## - TITLE STATEMENT
Title Think like a Golfer Win like a Golfer/
Statement of responsibility, etc By Deepak Mehra
250 ## - EDITION STATEMENT
Edition statement 2
260 ## - PUBLICATION, DISTRIBUTION, ETC. (IMPRINT)
Place of publication, distribution, etc Uttar Pradesh
Name of publisher, distributor, etc Amaryllis
Date of publication, distribution, etc 2024
270 ## - ADDRESS
Address C-16, Sector-3, Noida
City Uttar Pradesh
Postal code 201301
300 ## - PHYSICAL DESCRIPTION
Extent 208p.
Dimensions 21cm(pb)
500 ## - GENERAL NOTE
General note Discover 7 Life Lessons From the Ancient Game of Golf
942 ## - ADDED ENTRY ELEMENTS (KOHA)
Source of classification or shelving scheme Dewey Decimal Classification
Item type English Books
Classification part 158.2
Call number suffix MEH
Edition 2
Holdings
Withdrawn status Lost status Not for loan Collection code Home library Current library Date acquired Source of acquisition Cost, normal purchase price Full call number Barcode Copy number Cost, replacement price Koha item type
      Non-fiction Central Library Central Library 04/10/2024 Delivery of Books Act Division 399.00 158.2 MEH EN-125445 1 399.00 English Books

© Delhi Public Library
Hit Counter
free hit counter